ბათუმის შოთა რუსთაველის სახელმწიფო უნივერსიტეტის ბიბლიოთეკა

მემკვიდრეობის სამართალი : (თეორია და პრაქტიკა) (ბიბ.ჩანაწერი № 49379)

000 -LEADER
fixed length control field 00951nam a2200253Ia 4500
001 - CONTROL NUMBER
control field 16296
003 - CONTROL NUMBER IDENTIFIER
control field GE_BSU
008 - FIXED-LENGTH DATA ELEMENTS--GENERAL INFORMATION
fixed length control field 181216s||||||||xx |||||||||||||| ||und||
020 ## - INTERNATIONAL STANDARD BOOK NUMBER
International Standard Book Number 9789941102899
040 ## - CATALOGING SOURCE
Transcribing agency GE_BSU
080 ## - UNIVERSAL DECIMAL CLASSIFICATION NUMBER
Universal Decimal Classification number 347.9
100 ## - MAIN ENTRY--PERSONAL NAME
Personal name შენგელია, რომან,ეკატერინე შენგელია
245 ## - TITLE STATEMENT
Title მემკვიდრეობის სამართალი : (თეორია და პრაქტიკა)
245 ## - TITLE STATEMENT
Statement of responsibility, etc. რედ. ჯონი ხეცურიანი;ნელი ელიზბარაშვილი
250 ## - EDITION STATEMENT
Edition statement მე-2 გამოცემა
260 ## - PUBLICATION, DISTRIBUTION, ETC.
Place of publication, distribution, etc. თბილისი
260 ## - PUBLICATION, DISTRIBUTION, ETC.
Name of publisher, distributor, etc. მერიდიანი
260 ## - PUBLICATION, DISTRIBUTION, ETC.
Date of publication, distribution, etc. 2011
300 ## - PHYSICAL DESCRIPTION
Extent 344გვ;20სმ.
653 ## - INDEX TERM--UNCONTROLLED
Uncontrolled term მემკვიდრეობის სამართალი;
653 ## - INDEX TERM--UNCONTROLLED
Uncontrolled term სამართალი
942 ## - ADDED ENTRY ELEMENTS (KOHA)
Koha item type წიგნი
ეგზემპლარები
Withdrawn status Lost status Damaged status Not for loan Date acquired Barcode Date last seen Price effective from Koha item type
        2018-12-17 40663 2018-12-17 2018-12-17 წიგნი
        2018-12-17 40664 2018-12-17 2018-12-17 წიგნი
        2018-12-17 40665 2018-12-17 2018-12-17 წიგნი